Ochrana hospodárskej súťaže a protimonopolná politika v podmienkach EÚ a SR
Hospodárska súťaž a konkurenčné prostredie. Hospodárska súťaž v podmienkach Európskej únie. Základné pravidlá, ktoré vyplývajú zo Zmluvy o fungovaní Európskej únie. Hospodárska súťaž v podmienkach Slovenskej republiky. Protimonopolný úrad SR a jeho aktivity a právomoci.
Gespeichert in:
| 1. Verfasser: | |
|---|---|
| Weitere Verfasser: | |
| Format: | Buchkapitel |
| Sprache: | Slowakisch |
| Schlagworte: | |
| Tags: |
Keine Tags, Fügen Sie das erste Tag hinzu!
|
MARC
| LEADER | 00000naa$a2200000$$$4500 | ||
|---|---|---|---|
| 001 | 0259949 | ||
| 005 | 20240502074117.1 | ||
| 041 | 0 | |a slo | |
| 044 | |a SK | ||
| 245 | 1 | 0 | |a Ochrana hospodárskej súťaže a protimonopolná politika v podmienkach EÚ a SR |c Patrícia Holzerová, Zuzana Čičková |
| 520 | |a Hospodárska súťaž a konkurenčné prostredie. Hospodárska súťaž v podmienkach Európskej únie. Základné pravidlá, ktoré vyplývajú zo Zmluvy o fungovaní Európskej únie. Hospodárska súťaž v podmienkach Slovenskej republiky. Protimonopolný úrad SR a jeho aktivity a právomoci. | ||
| 610 | 2 | 0 | |a súťaž hospodárska |
| 610 | 2 | 0 | |a politika protimonopolná |
| 610 | 2 | 0 | |a kartely |
| 610 | 2 | 0 | |a pomoc štátna |
| 610 | 2 | 0 | |a konkurencia |
| 610 | 2 | 0 | |a Slovensko |
| 610 | 2 | 0 | |a Európska únia |
| 100 | 1 | |a Holzerová, Patrícia, 1995- | |
| 700 | 1 | |a Čičková, Zuzana, 1978- | |